00457nam a22001217a 4500003000400000245005000004260003300054300001200087942001200099952010500111952010200216999001700318SGT aInternational of Clinical Pediatric Dentistry bJaypee Publisher c2021-2022 a837,797 2ddccBV 00102ddc405171aFDbFDd2025-03-26hVol.14iSGTUl0pPD1370r2025-03-26 00:00:00w2025-03-26yBV 00102ddc405171aFDbFDd2025-03-26hVol.15iSGTUpPD1371r2025-03-26 00:00:00w2025-03-26yBV c30449d30449